000 00714nam a22002171 4500
001 179342
003 ES-MaACL
005 20240227205935.0
008 111107s1958 sp | |||| | spa d
017 _aB 3035-1958
_bOficina Depósito Legal Barcelona
040 _aSpMaBN
_bspa
_cSpMaBN
_erdc
080 _a82-31"18/19"(082.2)
245 0 0 _aAntología de las mejores novelas policíacas /
_cCarlos Fisas, Enrique Sordo.
260 _aBarcelona :
_bAcervo,
_c[1958]
300 _a542 p. ;
_c21 cm.
650 7 _aNovelas policíacas
_2
_9174127
700 1 _aSordo, Enrique.
_9107330
700 0 _aFisas, Carlos,
_d1919-2010
_950966
852 _aES-MaACL
_jC-14870
999 _c179342
_d179342